1840 1872 1333 1519 1763 1113 1738 1699 1727 1901 1157 1053 1584 1680 1548 1002 1891 1586 1808 1033 1713 1007 1299 1974 1050 1986 1235 1526 1228 1744 1225 1163 1620 1338 1855 1999 1519 1017 1712 1844 1865 1971 1869 1920 1704 1873 1409 1043 1786 1457 1753 1207 1461 1089 1215 1937 1763 1180 1404 1729 1764 1035 1637 1202 1461 1061 1114 1486 1493 1750 1509 1789 1594 1904 1068 1105 1233 1004 1221 1291 1866 1897 1622 1557 1959 1824 1994 1740 1581 1585 1275 1481 1832 1378 1693 1735 1022 1539 1012 BCNSPRNW ULIB Ver.6.0+V

เปลี่ยนเป็นภาษาไทย

Change to English
 แสดงรายละเอียดบรรณานุกรม
  กลับหน้าหลัก

Brief Record : Get Marc (ISO 2709) : E-mail record : QR code < ปิดหน้าต่าง
LEADER : 00000nam 2200000uu 4500
001    13399113802
003     ULIB
008    020711s2550 th a 000 0 tha d
020    ^a9789749557754
090    ^aนว.^bส984ฟ
100    ^aโสภาค สุวรรณ
245    ^aฟ้าจรดทราย/^cโสภาค สุวรรณ
260    ^aกรุงเทพฯ :^bรวมสาส์น,^c2550
300    ^a576 หน้า
945    ^p350^l0^i022007
999 ^a ทศพร
รายการนี้ยังไม่มีแท็ก
คุณยังไม่ได้ล็อกอิน คุณสามารถมีกิจกรรมร่วมกับเว็บไซต์ได้ แต่ต้องล็อกอินก่อน ::
  ล็อกอิน

รายการสื่อสารสนเทศ

ลำดับที่ ประเภท เลขเรียก/บาร์โค้ด สถานที่ สถานะ
1. นวนิยาย
นวนิยาย
นว. ส984ฟ ฉ.1 
  Barcode: 022007
ห้องสมุดวิทยาเขตสวรรค์ประชารักษ์
►นวนิยาย
บนชั้น
  ขอยืม

รายการใกล้เคียง
    ผู้แต่ง [โสภาค สุวรรณ]

BibComment


ยังไม่เคยถูกคอมเมนท์

คอมเมนท์ทรัพยากรรายการนี้
  คอมเมนท์: ฟ้าจรดทราย โสภาค..


 Copyright 2026. Bcnsprnw @Library